000 00611nam a2200253Ia 4500
005 20260121153847.0
008 008 260114s9999 xx 000 0 eng d
020 _a9781315722382
037 _aEBOOK
040 _aCRL
040 _beng
040 _cCRL
041 _2eng
041 _aeng
084 _qCRL
100 _aJean Piaget
_91000034
245 4 _aThe Grasp of Consciousness (Psychology Revivals)
260 _bTaylor and Francis
260 _c2015
856 _uhttp://www.taylorfrancis.com/books/9781315722382
942 _cEBOOK
999 _c1566855
_d1566855